Devinez la chanson : le titre est un prénom - Statistiques

Statistiques générales
  • Ce quiz a été pris 260 fois
  • Le résultat moyen est 19 sur 41
Statistiques - réponses
Paroles Artiste Titre % Correct
___ __, je parle de toi Parce qu'avec ta petite voix Tes petites manies Francis Cabrel Petite Marie
81%
Et j'ai crié, crié "___!" pour qu'elle revienne Et j'ai pleuré, pleuré Oh j'avais trop de peine Christophe Aline
79%
Je suis dans ta vie, je suis dans tes bras ____, ____ ____où l'amour danse avec la nuit Claude François Alexandrie Alexandra
75%
___, pour ses 20 ans Est la plus jolie des enfants Son bel amant, le prince charmant Téléphone Cendrillon
73%
__ __ _ ce je n'sais quoi que d'autres n'ont pas qui nous met dans un drôle d'état France Gall Ella, elle l'a
69%
_, _ __C'est sa vie Le rhum au mambo Embouteillages Vanessa Paradis Joe le taxi
65%
_ ____Good times never seemed so good I've been inclined Neil Diamond Sweet Caroline
64%
Je suis l'as de trèfle qui pique ton cœur L'as de trèfle qui pique ton cœur L'as de trèfle qui pique ton cœur, ____ MC Solaar Caroline
63%
___, métisse d'Ibiza, a des seins tous pointus Dites jamais que je vous ai dit ça ou ___ me tue Julien Clerc Mélissa
62%
__ __-_ et danse avec la vie L'écho de ta voix est venu jusqu'à moi Julie Pietri Eve lève-toi
61%
_ je m'appelle ___
Collégienne aux bas, bleus de méthylène
_je m'appelle ___ Coléreuse et pas, mi-coton, mi-laine
Alizée Moi Lolita
61%
__, __, écoute-moi __, __, t'en va pas Khaled Aïcha
60%
___ n'a que 16 ans et elle attend un enfant Ses amies et ses parents lui conseillent l'avortement Colonel Reyel Aurélie
57%
__, __dépêche toi, on vit, On ne meurt qu'une fois.. Pascal Obispo Lucie
57%
___, you don't have to put on the red light
Those days are over
You don't have to sell your body to the night
The Police Roxanne
57%
Un, dos, tres Un pasito p'alante ___ Un, dos, tres Un pasito p'atrás Ricky Martin María
56%
J'ai perdu la tête Depuis que j'ai vu ___ Je perds la raison Chaque fois que j'vois Suzon Dany Brillant Suzette
55%
__, il s'appelle __Je suis folle de lui C'est un garçon pas comme les autres Céline Dion Ziggy
52%
Chou __
Dis-moi oui
__ Chou
Les Rita Mitsouko Andy
50%
Oh-ouh-oh, __, le temps passe et me remplit de toi Je n'avais besoin de personne et tant de place pour toi Johnny Hallyday Laura
50%
__, elle est parisienne, elle est pas présentableElle est pas jolie, elle est pas moche non plus Louise Attaque Léa
50%
Allo __ comme un garçon J'ai le cœur qui fait boum et les cheveux longs Allo __ comme un garçon Superbus Lola
50%
__ _ is not my lover She's just a girl who claims that I am the one Michael Jackson Billie Jean
49%
_ __, don't make it bad. Take a sad song and make it better. The Beatles Hey Jude
47%
___, rappelle-toi
Que je ne suis rien sans toi
___, si tu m'oublies
Dave Vanina
44%
Dis-moi, ___, les années ont passé Pourquoi n'as-tu jamais pensé à te marier? Hugues Aufray Céline
42%
Elle veut qu'on s'en aille vivre au pays d'_ __Vivre une vie de star un peu comme _ __ J'lui ai dit "ralentis, je suis pas _ __" Dadju Bob Marley
40%
___, ___
___ saute-moi au cou
___, ___ ___ cherche-moi des poux
Serge Gainsbourg Elisa
40%
_ _ __ _, _ _ __ _ Y'en a même qui disent qu'ils l'ont vu voler Hervé Cristiani Il est libre Max
40%
Don't call my name, don't call my name ____ I'm not your babe, I'm not your babe Lady Gaga Alejandro
38%
La place Rouge était vide Devant moi marchait ___ Gilbert Bécaud Nathalie
34%
Oh __, __Tu devrais pas m'laisser la nuit J'peux pas dormir, j'fais qu'des conneries Alain Bashung Gaby oh Gaby
29%
__, __ ______, __ ____ Plus rien n's'oppose à la nuit Rien ne justifie Alain Bashung Osez Joséphine
29%
Ce soir j'attends ____J'ai apporté du lilas J'en apporte toutes les semaines Jacques Brel Madeleine
28%
___, ___, ___, ___I'm begging of you please don't take my man Dolly Parton Jolene
26%
__, __When will those clouds all disappear? __, __ Where will it lead us from here? The Rolling Stones Angie
24%
___ mwen ké fann' tchou aw Pendan papa'w pa la, ___ Saïan Supa Crew Angela
23%
There was something in the air that night The stars were bright, ___ ABBA Fernando
22%
Stop making a fool out of me Why don't you come on over, ___? ___, ___, ___ Amy Winehouse Valerie
19%
Don't be fooled by the rocks that I got I'm still, I'm still __ _ _ _ Used to have a little, now I have a lot Jennifer Lopez Jenny From the Block
17%
Not even ___ __
Who Cleopatra please
Not even Joan of Arc
Pharrell Williams Marilyn Monroe
2%
Aucun quiz correspondant
Distribution des résultats
% des personnes avec chaque résultat
Percentile par nombre de réponses
Votre historique - résultats
Vous n’avez pas pris ce quiz